Guía de autoevaluación de la escuela 2002
Shranjeno v:
| Main Authors: | , , , , , , |
|---|---|
| Format: | Knjiga |
| Jezik: | španščina |
| Izdano: |
Santiago
Ministerio de Educación
2002
|
| Izdaja: | 3a. ed |
| Serija: | La Reforma en Marcha
|
| Teme: | |
| Oznake: |
Označite
Brez oznak, prvi označite!
|
MARC
| LEADER | 00000nam a2200000 a 4500 | ||
|---|---|---|---|
| 001 | UCK7890 | ||
| 003 | CL-VaPUC | ||
| 008 | 051230e20020000CL |||||||||||||||||spa|d | ||
| 082 | 0 | 4 | |a 371.2 |b ARA |2 21 |
| 100 | 0 | |a Aránguiz R., Gabriel |e author |9 497578 | |
| 700 | 0 | |a Almonacid A., Claudio |e author |9 497579 | |
| 700 | 0 | |a Jaramillo G., Mónica |e author |9 497580 | |
| 700 | 0 | |a Guarello Z., Ximena |e author |9 497581 | |
| 700 | 0 | |a Araya B., Bernardo |e author |9 497582 | |
| 700 | 0 | |a Oyaneder F., Myriam |e author |9 497583 | |
| 700 | |a Navarro Navarro, Luis |e author |9 479468 | ||
| 245 | 1 | 0 | |a Guía de autoevaluación de la escuela 2002 |
| 250 | |a 3a. ed | ||
| 300 | |a 32 p | ||
| 942 | |c BK | ||
| 945 | |d 20051230 00:00:00 |a cmena | ||
| 260 | |a Santiago |b Ministerio de Educación |c 2002 | ||
| 500 | |a Incluye afiche desplegable | ||
| 650 | 0 | |a Evaluación de la educación |9 237505 | |
| 650 | 7 | |a TRABAJO EN EQUIPO |2 CL-VaPUC |9 393025 | |
| 650 | 0 | |a Control de calidad |9 259714 | |
| 650 | 0 | |a Planificación de la educación |9 307333 | |
| 583 | |a last modification |c 20170426 04:31:15 |k Rodrigo Vera | ||
| 490 | 0 | |a La Reforma en Marcha | |
| 999 | |c 315727 |d 315725 | ||
| 952 | |0 0 |1 0 |4 0 |6 371_200000000000000_ARA_2002 |7 0 |8 A |9 389396 |a BIBEDU |b BIBEDU |d 2019-11-22 |i 4195027 |o 371.2 ARA 2002 |p 4195027 |r 2019-11-22 |w 2019-11-22 |y BK |k EBA | ||